Hitler's American Model : (Record no. 18742)

MARC details
000 -LEADER
fixed length control field 04557cam a2200469 i 4500
001 - CONTROL NUMBER
control field 19380751
003 - CONTROL NUMBER IDENTIFIER
control field OSt
005 - DATE AND TIME OF LATEST TRANSACTION
control field 20240904092535.0
008 - FIXED-LENGTH DATA ELEMENTS--GENERAL INFORMATION
fixed length control field 161118t20182017njua b 001 0 eng d
010 ## - LIBRARY OF CONGRESS CONTROL NUMBER
LC control number 2016960238
020 ## - INTERNATIONAL STANDARD BOOK NUMBER
International Standard Book Number 9780691183060
Qualifying information (paperback ;
-- acid-free paper)
035 ## - SYSTEM CONTROL NUMBER
System control number (OCoLC)on1028223878
040 ## - CATALOGING SOURCE
Original cataloging agency YDX
Language of cataloging eng
Transcribing agency YDX
Description conventions rda
Modifying agency CFS
-- OCLCF
-- YDX
-- NGU
-- DLC
042 ## - AUTHENTICATION CODE
Authentication code lccopycat
043 ## - GEOGRAPHIC AREA CODE
Geographic area code e-gx---
-- n-usu--
-- n-us---
050 00 - LIBRARY OF CONGRESS CALL NUMBER
Classification number KK4743
Item number .W48 2018
082 04 - DEWEY DECIMAL CLASSIFICATION NUMBER
Classification number 342.4308/73
Edition number 23
100 1# - MAIN ENTRY--PERSONAL NAME
Personal name Whitman, James Q.
Dates associated with a name 1957-
Relator term author.
245 10 - TITLE STATEMENT
Title Hitler's American Model :
Remainder of title the United States and the making of Nazi race law
264 #1 - PRODUCTION, PUBLICATION, DISTRIBUTION, MANUFACTURE, AND COPYRIGHT NOTICE
Place of production, publication, distribution, manufacture Princeton, New Jersey :
Name of producer, publisher, distributor, manufacturer Princeton University Press,
Date of production, publication, distribution, manufacture, or copyright notice [2018]
264 #4 - PRODUCTION, PUBLICATION, DISTRIBUTION, MANUFACTURE, AND COPYRIGHT NOTICE
Date of production, publication, distribution, manufacture, or copyright notice ©2017
300 ## - PHYSICAL DESCRIPTION
Extent xiv, 208 pages :
Other physical details illustrations ;
Dimensions 20,5/13,5/1,4 cm
Type of unit Paperback
336 ## - CONTENT TYPE
Content type term text
Content type code txt
Source rdacontent
337 ## - MEDIA TYPE
Media type term unmediated
Media type code n
Source rdamedia
338 ## - CARRIER TYPE
Carrier type term volume
Carrier type code nc
Source rdacarrier
504 ## - BIBLIOGRAPHY, ETC. NOTE
Bibliography, etc. note Includes bibliographical references (pages 165-200) and index.
505 0# - FORMATTED CONTENTS NOTE
Formatted contents note Introduction -- Making Nazi flags and Nazi citizens. The first Nuremberg law : of New York Jews and Nazi flags ; The second Nuremberg law : making Nazi citizens ; America : the global leader in racist immigration law ; American second-class citizenship ; The Nazis pick up the thread ; Toward the citizenship law : Nazi politics in the early 1930s ; The Nazis look to American second-class citizenship -- Protecting Nazi blood and Nazi honor. Toward the blood law : battles in the streets and the ministries ; Battles in the streets : the call for "unambiguous laws" ; Battles in the ministries : the Prussian memorandum and the American example ; Conservative juristic resistance : Gürtner and Lösener ; The meeting of June 5, 1934 ; The sources of Nazi knowledge of American law ; Evaluating American influence ; Defining "mongrels" : the one-drop rule and the limits of American influence -- Conclusion: America through Nazi eyes. America's place in the global history of racism ; Nazism and American legal culture.
520 ## - SUMMARY, ETC.
Summary, etc. "Nazism triumphed in Germany during the high era of Jim Crow laws in the United States. Did the American regime of racial oppression in any way inspire the Nazis? The unsettling answer is yes. In Hitler's American Model, James Whitman presents a detailed investigation of the American impact on the notorious Nuremberg Laws, the centerpiece anti-Jewish legislation of the Nazi regime. Contrary to those who have insisted that there was no meaningful connection between American and German racial repression, Whitman demonstrates that the Nazis took a real, sustained, significant, and revealing interest in American race policies. As Whitman shows, the Nuremberg Laws were crafted in an atmosphere of considerable attention to the precedents American race laws had to offer. German praise for American practices, already found in Hitler's Mein Kampf, was continuous throughout the early 1930s, and the most radical Nazi lawyers were eager advocates of the use of American models. But while Jim Crow segregation was one aspect of American law that appealed to Nazi radicals, it was not the most consequential one. Rather, both American citizenship and anti-miscegenation laws proved directly relevant to the two principal Nuremberg Laws--the Citizenship Law and the Blood Law. Whitman looks at the ultimate, ugly irony that when Nazis rejected American practices, it was sometimes not because they found them too enlightened, but too harsh. Indelibly linking American race laws to the shaping of Nazi policies in Germany, Hitler's American Model upends understandings of America's influence on racist practices in the wider world." --
Assigning source Back cover.
600 10 - SUBJECT ADDED ENTRY--PERSONAL NAME
Personal name Hitler, Adolf,
Dates associated with a name 1889-1945
General subdivision Political and social views.
650 #0 - SUBJECT ADDED ENTRY--TOPICAL TERM
Topical term or geographic name entry element Jews
General subdivision Legal status, laws, etc.
Geographic subdivision Germany
General subdivision History
Chronological subdivision 20th century.
650 #0 - SUBJECT ADDED ENTRY--TOPICAL TERM
Topical term or geographic name entry element Race defilement (Nuremberg Laws of 1935)
650 #0 - SUBJECT ADDED ENTRY--TOPICAL TERM
Topical term or geographic name entry element Race discrimination
General subdivision Law and legislation
Geographic subdivision Germany
General subdivision History
Chronological subdivision 20th century.
650 #0 - SUBJECT ADDED ENTRY--TOPICAL TERM
Topical term or geographic name entry element Citizenship
Geographic subdivision Germany
General subdivision History
Chronological subdivision 20th century.
650 #0 - SUBJECT ADDED ENTRY--TOPICAL TERM
Topical term or geographic name entry element National socialism
Geographic subdivision Germany
General subdivision History.
650 #0 - SUBJECT ADDED ENTRY--TOPICAL TERM
Topical term or geographic name entry element Antisemitism
Geographic subdivision Germany
General subdivision History
Chronological subdivision 20th century.
650 #0 - SUBJECT ADDED ENTRY--TOPICAL TERM
Topical term or geographic name entry element Holocaust, Jewish (1939-1945)
650 #0 - SUBJECT ADDED ENTRY--TOPICAL TERM
Topical term or geographic name entry element African Americans
General subdivision Legal status, laws, etc.
Geographic subdivision Southern States
General subdivision History.
650 #0 - SUBJECT ADDED ENTRY--TOPICAL TERM
Topical term or geographic name entry element African Americans
General subdivision Segregation
-- History.
650 #0 - SUBJECT ADDED ENTRY--TOPICAL TERM
Topical term or geographic name entry element Segregation
Geographic subdivision United States
General subdivision History.
650 #0 - SUBJECT ADDED ENTRY--TOPICAL TERM
Topical term or geographic name entry element Race discrimination
General subdivision Law and legislation
Geographic subdivision United States
General subdivision History
Chronological subdivision 20th century.
942 ## - ADDED ENTRY ELEMENTS (KOHA)
Source of classification or shelving scheme Dewey Decimal Classification
Koha item type Books
Suppress in OPAC No
Holdings
Withdrawn status Lost status Source of classification or shelving scheme Damaged status Not for loan Collection Home library Current library Shelving location Date acquired Source of acquisition Cost, normal purchase price Inventory number Total checkouts Full call number Barcode Date due Date last seen Date last checked out Price effective from Koha item type Public note
    Dewey Decimal Classification     English Non-Fiction Adolescent-Adult GESM Library GESM Library Main Library 04/09/2024 Piefke 15.92 24-33183 1 ENA 342 WHI E2500253 16/06/2025 09/09/2024 09/09/2024 04/09/2024 Books New